Diary of a Chilean concentration camp

Guardado en:  
Detalles Bibliográficos
Autor principal: Valdés, Hernán 1934-2023 (Autor)
Tipo de documento: Print Libro
Lenguaje:Inglés
Publicado: London Gollancz 1975
En:Año: 1975
Disponibilidad en Tübingen:Disponible en Tübingen.
UB: KB 6 A 294
Verificar disponibilidad: HBZ Gateway
Servicio de pedido Subito: Pedir ahora.

MARC

LEADER 00000cam a22000002c 4500
001 1094328545
003 DE-627
005 20251224220544.0
007 tu
008 910529s1975 xx ||||| 00| ||eng c
035 |a (DE-627)1094328545 
035 |a (DE-576)024328545 
035 |a (DE-599)BSZ024328545 
035 |a (OCoLC)02089800 
040 |a DE-627  |b ger  |c DE-627  |e rakwb 
041 |a eng 
082 0 |a 365/.6/0924 
100 1 |8 1\p  |a Valdés, Hernán  |d 1934-2023  |0 (DE-588)118625853  |0 (DE-627)07941415X  |0 (DE-576)209143355  |4 aut 
109 |a Valdés, Hernán 1934-2023  |a Valdés, Hernan 1934-2023 
240 1 0 |a Tejas verdes <engl.> 
245 1 0 |a Diary of a Chilean concentration camp  |c by Hernán Valdés 
264 1 |a London  |b Gollancz  |c 1975 
300 |a 160 S.  |b Kt. 
336 |a Text  |b txt  |2 rdacontent 
337 |a ohne Hilfsmittel zu benutzen  |b n  |2 rdamedia 
338 |a Band  |b nc  |2 rdacarrier 
583 1 |a Archivierung prüfen  |c 20200919  |f DE-640  |z 2  |2 pdager 
700 1 2 |a Valdés, Hernán  |d 1934-2023  |t Tejas verdes <engl.> 
883 |8 1\p  |a cgwrk  |d 20241001  |q DE-101  |u https://d-nb.info/provenance/plan#cgwrk 
951 |a BO 
ELC |b 1 
LOK |0 000 xxxxxcx a22 zn 4500 
LOK |0 001 216522313X 
LOK |0 003 DE-627 
LOK |0 004 1094328545 
LOK |0 005 20020606000000 
LOK |0 008 910529||||||||||||||||ger||||||| 
LOK |0 040   |a DE-21  |c DE-627  |d DE-21 
LOK |0 852   |a DE-21 
LOK |0 852 1  |c KB 6 A 294  |9 00 
LOK |0 935   |a krim 
LOK |0 936ln  |a k10.4.2 
LOK |0 939   |a 29-05-91  |b l01 
ORI |a SA-MARC-krimdoka001.raw 
SIG |a UB: KB 6 A 294